Сису : финландският начин за постигане на щастие, хармония, жизненост и благополучие (Запис номер 329626)
[ съкратено ]
| 000 -Лидер | |
|---|---|
| Контролно поле с фиксирана дължина | 01486nam a2200301 a 4500 |
| 003 - Код на организацията, давaща контролен номер | |
| Контролно поле | BLK |
| 005 - Дата и час на последна редакция | |
| Контролно поле | 20240704112705.0 |
| 008 - Елементи от данни с фиксирана дължина | |
| fixed length control field | 190327b bu |||||r|||| 00| 0 bu d |
| 020 ## - Международен стандартен номер на книга ISBN | |
| Международен стандартен номер на книга ISBN | 9789543901470 |
| 040 ## - Източник на каталожния запис | |
| Идентификатор на билиотеката - собственик на записа | BLK |
| 041 ## - Код за език | |
| Код за езика на текст/звукозапис или на отделно заглавие | Български |
| Код за езика КДБФ | Български |
| 080 ## - УДК | |
| Текстов определител УДК | Природа на морала. Етични фактори |
| УДК код - определител по УДК | 17.02 |
| УДК - код + определител | 17.02 |
| 080 ## - УДК | |
| Текстов определител УДК | Особености на духовния живот. Съзнание. Духовно развитие на човека. Диференциална психология. Генетична психология. Еволюционна психология |
| УДК код - определител по УДК | 159.922 |
| УДК - код + определител | 159.922 |
| 100 ## - Редна дума - Автор | |
| Автор | Панцар, Катя |
| Авторска отговорност | първи автор |
| R(LIN) | 1299 |
| 139 ## - Редно поле | |
| Редна дума | Панцар, Катя |
| Авторски знак | Пан - П 17 |
| 245 ## - Сведения за заглавието | |
| Заглавие | Сису : финландският начин за постигане на щастие, хармония, жизненост и благополучие |
| Редно поле (дума) | Катя Панцар ; прев. Даня Доганова |
| 260 ## - Област на издателските данни | |
| 9 (RLIN) | 211108 |
| Място на издаване, разпространение и проч. | София |
| Име на издателя, разпространителя и проч. | SkyPrint |
| Година на издаване | 2018 |
| Печатница | София: Кушовалиев |
| 300 ## - Физическа характеристика | |
| Страници | 214 с. |
| Размери/Мащаб | 21 см |
| 380 ## - Жанр | |
| Жанр | Философия |
| 500 ## - Общи забележки | |
| Забележка | Ориг. загл.: Finding sisu / Katja Pantzar<br/> |
| 653 #7 - Ключова дума – ненормативна | |
| 9 (RLIN) | 196049 |
| Ключова дума | самоусъвършенстване |
| 653 #7 - Ключова дума – ненормативна | |
| 9 (RLIN) | 200900 |
| Ключова дума | щастие |
| 700 ## - Други автори (авторска отговорност) | |
| Лично име | Доганова, Даня Борисова |
| Дати, свързани с автора | 1956 - |
| 9 (RLIN) | 305336 |
| 852 ## - Местоположение | |
| Форматна сигнатура | Цб 294171 |
| 999 ## - СИСТЕМНИ КОНТРОЛНИ НОМЕРА | |
| Koha biblionumber | 329626 |
| Koha biblioitemnumber | 329626 |
| 942 ## - АРТИКУЛИ | |
| Вид на библиотечния материал | Книги |
| Скрит в OPAC | Не |
| 944 ## - СЪЗДАВАНЕ И РЕДАКЦИЯ на ЗАПИСА | |
| Създаване/Редакция | Създаване |
| Дата на регистрацията/редакция | 2019-03-27 |
| Служител, извършил регистрацията/редакцията | 30560 |
| Статус, дата на статуса | Геновева Генчева |
| 999 ## - СИСТЕМНИ КОНТРОЛНИ НОМЕРА | |
| Koha biblioitemnumber | 329626 |
| Код за отписване | Код за изгубен артикул | Източник на класификационната схема | Код за повреда | Коз за рестрикции | Код за отдаване | Артикулен № | Име на библиотеката - собственик | Име на библиотеката, в която се намира в момента | Статус (Текущо местоположение) | Дата на вписване в системата | Местоположение - отдел | Цена в лева | Систематично азбучна сигнатура | Баркод | Цена в евро | Служебен тип на артикула |
|---|---|---|---|---|---|---|---|---|---|---|---|---|---|---|---|---|
| Не е изгубен | Universal Decimal Classification | Не е повреден | без рестрикции | ползва се в читалня | 696979 | Регионална библиотека "Любен Каравелов" Русе | Регионална библиотека "Любен Каравелов" Русе | Хранилище | 2019-04-01 | Хранилище | 14.95 | Цб 294171 | 120000830708 | 7.64 | Книги |